000 00373 a2200169 4500
001 182152
020 _a85-209-1209-5
040 _cMagnum
100 _aRosa, Joao Guimaraes
240 1 0 _aGrande sertão: Veredas
_lpor
245 1 0 _aGrande sertão: Veredas
300 _a
362 0 _a2001
440 1 _aNova Fronteira
697 _aLITERATURA GERAL
942 _cBK
999 _c182152
_d182152